Oral poetry : its nature, significance, and social context

Αποθηκεύτηκε σε:
Λεπτομέρειες βιβλιογραφικής εγγραφής
Κύριος συγγραφέας: Finnegan, Ruth H.
Μορφή: Βιβλίο
Γλώσσα:English
Δημοσίευση: Cambridge ; New York : Cambridge University Press, 1977
Θέματα:
Ετικέτες: Προσθήκη ετικέτας
Δεν υπάρχουν, Καταχωρήστε ετικέτα πρώτοι!

MARC

LEADER 00000cam a2200000 i 4500
001 1/27981
008 060411s1977 eng d
020 |a 0-521-21316-9 
035 |l 10083538 
040 |a GR-MY-UA  |b gre  |e aacr 
041 0 |a eng 
082 0 |a 398.2  |2 (22) 
100 1 |a Finnegan, Ruth H. 
245 1 0 |a Oral poetry :  |b its nature, significance, and social context /  |c Ruth Finnegan 
260 |a Cambridge ; New York :   |b Cambridge University Press,   |c 1977 
300 |a xii, 299 σ.;  |b εικ.;  |c 22 εκ. 
504 |a Περιέχει βιβλιογραφία (σ. 276-287) και ευρετήριο 
650 0 0 |a Folk poetry  |x History and criticism. 
650 0 0 |a Oral tradition. 
852 |a INST  |b LESVOS  |e 20060411  |h 398.2 FIN  |p 005100034862  |q 005100034862  |t BK  |y 0 
901 |a BIBL1-2006-1 
909 |a Λ  |b 126424 
970 |a ΚΑΡΑ  |b ΓΙΑΣΕΜΗ  |z 2006/04/11